Souboj leasingů operativní versus finanční leasing

Operatívny lízing a finančný lízing, rozdiely. Právna úprava lízingu v Česku. Novodobá história lízingu v Česku. Daňové aspekty lízingu. Výhody a nevýhody lízingu.

Saved in:
Bibliographic Details
Main Author: Šoba, Oldřich
Format: Book Chapter
Language:Czech
Subjects:
Tags: Add Tag
No Tags, Be the first to tag this record!

MARC

LEADER 00000naa$a2200000$$$4500
001 0077392
005 20230804111159.6
041 0 |a cze 
044 |a CZ 
245 1 0 |a Souboj leasingů  |b operativní versus finanční leasing  |c Oldřich Šoba 
520 |a Operatívny lízing a finančný lízing, rozdiely. Právna úprava lízingu v Česku. Novodobá história lízingu v Česku. Daňové aspekty lízingu. Výhody a nevýhody lízingu. 
610 2 0 |a lízing operatívny 
610 2 0 |a lízing finančný 
610 2 0 |a úpravy právne 
610 2 0 |a Česko 
610 2 0 |a história 
100 1 |a Šoba, Oldřich